000 00870nam a2200229 a 4500
008 951121s1989||||[C 0 slo c
020 _a8021800089
_c17 Kčs.
_q(18000 výtl.)
040 _aSNK
_bslo
_cSNK
_eAACR2
041 1 _aslo
_hrus
044 _axo
_cSK
080 _a141.82(081)
100 1 _aLenin, Vladimir Iľjič
_4aut
245 1 0 _aZobrané spisy. /Zv./ 51
_bListy. Júl 1919-november 1920
_cVladimir Iľjič Lenin ; Igor Calpaš, Dana Matejovová, Oto Takáč
250 _a2., vyd.
260 _aBratislava
_bPravda
_c1989
_eBratislava
_fPravda
300 _a667 s., 28,44 AH
_c21 cm
500 _aLit. 38. Zozn. Pozn. Reg. lit. prác a prameňov. Men. a vec. reg. Biograf. údaje. o dokumentoch. Faksim. rkp. 387 zázn. v slov. a ruš.
700 1 _aCalpaš, Igor
_4trl
700 1 _aMatejovová, Dana
_4trl
700 1 _aTakáč, Oto
_4bkd
958 _aA
999 _c15466
_d15466